Szabadalmak sora kíséri Dékány Imre pályáját Dékány Imre kémikus a Magyar Érdemrend Középkeresztjét vehette át : bejegyzett szabadalmak, gyógyszertől a kőolajig /

Elmentve itt :
Bibliográfiai részletek
Szerző: Timár Kriszta
További közreműködők: Török János
Dokumentumtípus: Cikk
Megjelent: 2019-03-26
Sorozat:Délmagyarország 109 No. 71
Kulcsszavak:Kitüntetés, Dékány Imre - Magyar Érdemrend Középkeresztje polgári tagozat, Természettudományi és Informatikai Kar, Kémiai Intézet, Fizikai Kémiai és Anyagtudományi Tanszék, Interjú
Online Access:http://univ.bibl.u-szeged.hu/50163
LEADER 00946nab a2200193 i 4500
001 univ50163
005 20190618144740.0
008 190326s2019 hu o 0|| zxx d
040 |a SZTE UnivHistória Repozitórium  |b hun 
041 |a zxx 
100 1 |a Timár Kriszta 
245 1 0 |a Szabadalmak sora kíséri Dékány Imre pályáját   |h [elektronikus dokumentum] :  |b Dékány Imre kémikus a Magyar Érdemrend Középkeresztjét vehette át : bejegyzett szabadalmak, gyógyszertől a kőolajig /  |c  Timár Kriszta 
260 |c 2019-03-26 
300 |a 1, 6 
490 0 |a Délmagyarország  |v 109 No. 71 
561 |a Egyetemi hirarchívum 
695 |a Kitüntetés, Dékány Imre - Magyar Érdemrend Középkeresztje polgári tagozat, Természettudományi és Informatikai Kar, Kémiai Intézet, Fizikai Kémiai és Anyagtudományi Tanszék, Interjú 
700 0 1 |a Török János 
856 4 0 |u http://univ.bibl.u-szeged.hu/50163/1/10182687.pdf  |z Dokumentum-elérés